| 000 | 01073cam a22002531i 4500 | ||
|---|---|---|---|
| 003 | SA-RiAUC | ||
| 005 | 20241014074912.0 | ||
| 008 | 241013s1993 su g d 000 0cara c | ||
| 040 |
_aSA-RiSAMA _bara _cSA-RiAUC _erda |
||
| 043 | _aar----- | ||
| 082 | 0 | 4 | _a922.03 |
| 090 |
_a922.03 _bح ق ي |
||
| 100 | 1 |
_aالحقيل، عبد الكريم بن حمد بن إبراهيم، _d1362 هجري- _eمؤلف. |
|
| 245 | 1 | 0 |
_aمعجم مؤرخي الجزيرة العربية في العصر الحديث / _cعبد الكريم بن حمد إبراهيم الحقيل. |
| 264 | 1 |
_aالرياض : _bعبد الكريم بن حمد إبراهيم الحقيل، _c[1993] |
|
| 300 |
_a159 صفحة ؛ _c24 سم |
||
| 336 |
_aنص _btxt _2rdacontent _3كتاب |
||
| 337 |
_aبدون وسيط _bn _2rdamedia |
||
| 338 |
_aمجلد _bnc _2rdacarrier |
||
| 650 | 7 |
_aالمؤرخون العرب _yقرن 20 _vتراجم _vمعاجم _2aucsh |
|
| 651 | 7 |
_aشبه الجزيرة العربية _vتراجم _2aucsh |
|
| 942 |
_2ddc _cBOOK _n0 |
||
| 949 |
_aSA-JeALM _d241013 _umohamedma123 _n1 |
||
| 999 |
_c1294 _d1294 |
||